[Event "31st Crespi Memorial"]
[Site "Milan ITA"]
[Date "2010.12.07"]
[Round "4"]
[White "Pace,P"]
[Black "Gikas,A"]
[Result "1/2-1/2"]
[WhiteElo "2316"]
[BlackElo "2182"]

1.e4 d5 2.exd5 Qxd5 3.Nc3 Qd6 4.d4 Nf6 5.Nf3 a6 6.g3 b5 7.Bg2 Bb7 8.O-O e6
9.Bg5 Nbd7 10.Bf4 Qb6 11.a4 Bd6 12.Be3 Nd5 13.Nxd5 Bxd5 14.axb5 axb5 15.Rxa8+ Bxa8
16.d5 Bc5 17.Bxc5 Qxc5 18.dxe6 fxe6 19.Re1 Bd5 20.b4 Qxb4 21.Ng5 O-O 22.Bxd5 exd5
23.Qxd5+ Kh8 24.Rd1 Nf6 25.Qe6 h6 26.Nf7+ Kh7 27.Qf5+ Kg8 28.Ne5 Qc5 29.Qe6+ Kh7
30.Qf5+ Kg8 31.Qe6+ Kh7 32.Qf5+  1/2-1/2

[Event "2nd Pilsen Open"]
[Site "Plzen CZE"]
[Date "2010.12.08"]
[Round "6"]
[White "Sott,P"]
[Black "Karhanek,P"]
[Result "1/2-1/2"]
[WhiteElo "2203"]
[BlackElo "2123"]

1.e4 d5 2.exd5 Qxd5 3.Nc3 Qd6 4.d4 Nf6 5.Nf3 a6 6.Be2 Bf5 7.h3 Nc6 8.Be3 e6
9.Qd2 Nb4 10.Rc1 Nfd5 11.Nxd5 Nxd5 12.O-O Nxe3 13.Qxe3 Be7 14.Bd3  1/2-1/2

[Event "London Chess Classic FIDE Open"]
[Site "London ENG"]
[Date "2010.12.10"]
[Round "3"]
[White "Grover,S"]
[Black "Crouch,C"]
[Result "1-0"]
[WhiteElo "2432"]
[BlackElo "2335"]

1.e4 d5 2.exd5 Qxd5 3.Nc3 Qd6 4.d4 Nf6 5.Nf3 c6 6.Ne5 Nbd7 7.f4 Nb6 8.g4 Be6
9.Bg2 g6 10.O-O Rd8 11.g5 Nh5 12.a4 f6 13.a5 fxe5 14.axb6 axb6 15.fxe5 Qc7
16.Be3 Ng7 17.Be4 Nf5 18.Bxf5 gxf5 19.Ne2 Bg7 20.Nf4 Bf7 21.e6 Bg6 22.h4 O-O
23.c3 c5 24.d5 Be8 25.Qc2 Qe5 26.Rae1 Rxd5 27.Bc1 Qd6 28.Nxd5 Qxd5 29.Qg2 Qd3
30.Rf3 Qb5 31.Qh3 Qc4 32.Ref1 Bc6 33.Rxf5 Rd8 34.R5f4 Qd5 35.h5 c4 36.Be3 Be5
37.Rf5 Qe4 38.g6 Bg7 39.h6 Bf6 40.R5f4 Qe5 41.Bd4 Qg5+ 42.Rg4 Qd2 43.gxh7+ Kxh7
44.Rg7+ Kh8 45.Bxf6 exf6 46.e7 Re8 47.Rxf6  1-0

[Event "2nd Pilsen Open"]
[Site "Plzen CZE"]
[Date "2010.12.10"]
[Round "8"]
[White "Gunajew,R"]
[Black "Karhanek,P"]
[Result "1/2-1/2"]
[WhiteElo "2280"]
[BlackElo "2123"]

1.e4 d5 2.exd5 Qxd5 3.Nc3 Qd6 4.d4 Nf6 5.Nf3 a6 6.Bd3 g6 7.O-O Bg7 8.Ne4 Nxe4
9.Bxe4 Nd7 10.c4 Nf6 11.Bc2 c6 12.h3 O-O 13.b3 Be6 14.Bb2 Rad8 15.Qe2 Rfe8
16.Rfe1 Qf4 17.Rad1 Qc7 18.Ne5 Nd7 19.Nf3 Nf6 20.Bb1 Qc8 21.Bc3 Bf5 22.Ba5 Rd6
23.Bb4 Bxb1 24.Rxb1 Re6 25.Qc2 Rxe1+ 26.Rxe1 e6 27.Bd6 Qd8 28.Be5 Nh5 29.Qc1 Qe7
30.Bh2 Rd8 31.g4 Nf6 32.Bf4 Ne8 33.Qe3 Qf8 34.Kg2 Qa3 35.Re2 a5 36.Bg5 Bf6
37.Bxf6 Nxf6 38.Qe5 Ne8 39.Ng5 Qd6 40.Nf3 Qxe5 41.Rxe5 Ra8 42.a4 Nf6 43.Re3 Rd8
44.Kf1 h5 45.g5 Ne8 46.Ke2 Ng7 47.Re5 Ra8 48.Kd3 Kf8 49.Kc3 Nf5 50.Nd2 Ke7
51.Ne4 Kd7 52.d5 cxd5 53.cxd5 exd5 54.Rxd5+ Kc6 55.Rc5+ Kb6 56.Re5 Rc8+ 57.Kb2 Nd4
58.Rd5 Nc6 59.Nd6 Rc7 60.Nc4+ Ka6 61.f4 Re7 62.f5 Re2+ 63.Kc3 Rg2 64.fxg6 fxg6
65.h4 Rg3+ 66.Kb2 Rg2+ 67.Kc3 Rg3+ 68.Kb2 Rg2+ 69.Kc3  1/2-1/2

[Event "London Chess Classic Women"]
[Site "London ENG"]
[Date "2010.12.12"]
[Round "5"]
[White "Ikonomopoulou,M"]
[Black "Hoare,Amy"]
[Result "1-0"]
[WhiteElo "2160"]
[BlackElo "1921"]

1.e4 d5 2.exd5 Qxd5 3.Nc3 Qd6 4.d4 Nf6 5.Nf3 a6 6.g3 b5 7.Bg2 Bb7 8.O-O e6
9.Ne5 Bxg2 10.Kxg2 Nbd7 11.Qf3 Nb6 12.a4 b4 13.a5 bxc3 14.axb6 Qd5 15.b7 Qxf3+
16.Kxf3 Rb8 17.Rxa6 Rxb7 18.Ra8+ Ke7 19.bxc3 Ne8 20.Nc6+ Kd7 21.d5 exd5 22.Ne5+ Ke6
23.Rxe8+  1-0

[Event "London Chess Classic FIDE Open"]
[Site "London ENG"]
[Date "2010.12.12"]
[Round "5"]
[White "Ledger,D"]
[Black "Barton,A"]
[Result "1-0"]
[WhiteElo "2261"]
[BlackElo "2103"]

1.e4 d5 2.exd5 Qxd5 3.Nc3 Qd6 4.d4 Nf6 5.Nf3 a6 6.Bd3 e6 7.O-O Be7 8.Qe2 Nbd7
9.Bg5 O-O 10.Rad1 Re8 11.Ne5 Nf8 12.Rfe1 Qd8 13.Qf3 c6 14.Ne4 h6 15.Bxh6 gxh6
16.Qg3+ Kh8 17.Nxf7+ Kh7 18.Nxf6+  1-0

[Event "Open ch-Skopje"]
[Site "Skopje MKD"]
[Date "2010.12.12"]
[Round "9"]
[White "Temkov,B"]
[Black "Mitkovski,K"]
[Result "1/2-1/2"]
[WhiteElo "1946"]
[BlackElo "2191"]

1.e4 d5 2.exd5 Qxd5 3.Nc3 Qd6 4.Nf3 Nf6 5.d4 g6 6.Bc4 Bg7 7.Ne5 O-O 8.O-O c6
9.Bb3 Be6 10.Re1 Bxb3 11.axb3 e6 12.Bg5 h6 13.Be3 Nbd7 14.Nc4 Qc7 15.Qd2 Kh7
16.Bf4 Qd8 17.Nd6 b6 18.h3 Nd5 19.Nxd5 cxd5 20.Nb5 a5 21.Bd6 Rg8 22.Qf4 Nf6
23.c4 Qd7 24.Bc7 Qc6 25.Qd6 Qxd6 26.Nxd6 Ne8 27.Nxe8 Rgxe8 28.Bxb6 Reb8  1/2-1/2

[Event "17th Open A"]
[Site "Zadar CRO"]
[Date "2010.12.13"]
[Round "2.22"]
[White "Tomazini,Z"]
[Black "Plenkovic,Z"]
[Result "0-1"]
[WhiteElo "2257"]
[BlackElo "2388"]

1.e4 d5 2.exd5 Qxd5 3.Nc3 Qd8 4.d4 Nf6 5.Bg5 c6 6.Nf3 Bg4 7.Be2 Nbd7 8.Qd2 e6
9.O-O-O Bb4 10.Qd3 Qa5 11.Bxf6 Nxf6 12.Ne5 Bf5 13.Qg3 Bxc3 14.Qxg7 O-O-O
15.bxc3 Ne4 16.Bc4 Qa3+ 17.Kb1 Nxc3+ 18.Ka1 Nxd1 19.Rxd1 Qc3+  0-1

[Event "17th Open A"]
[Site "Zadar CRO"]
[Date "2010.12.13"]
[Round "3.9"]
[White "Bosiocic,Mari"]
[Black "Plenkovic,Z"]
[Result "1/2-1/2"]
[WhiteElo "2564"]
[BlackElo "2388"]

1.e4 d5 2.exd5 Qxd5 3.Nc3 Qd6 4.d4 g6 5.Nf3 Bg7 6.Nb5 Qb6 7.a4 c6 8.a5 Qd8
9.Nc3 Nh6 10.Bxh6 Bxh6 11.Bc4 O-O 12.h3 Na6 13.O-O Nc7 14.Re1 Be6 15.Bxe6 Nxe6
16.a6 Bg7 17.axb7 Rb8 18.Na4 Rxb7 19.Rxe6 fxe6 20.Nc5 Rxb2 21.Nxe6 Qb6 22.Nxf8 Kxf8
23.Ng5 h6 24.Ne6+ Kf7 25.Nxg7 Kxg7 26.Kh2 c5 27.d5 Qd6+ 28.g3  1/2-1/2

[Event "European Rapid Championship"]
[Site "Warsaw POL"]
[Date "2010.12.18"]
[Round "3"]
[White "Bronnikova,E"]
[Black "Piorun,K"]
[Result "0-1"]
[WhiteElo "2270"]
[BlackElo "2513"]

1.e4 d5 2.exd5 Qxd5 3.Nc3 Qd6 4.Nf3 Nf6 5.Bc4 e6 6.d4 a6 7.a4 Be7 8.Bg5 O-O
9.Qd2 Nc6 10.O-O b6 11.Bf4 Qb4 12.b3 Bb7 13.Ne5 Nxe5 14.Bxe5 b5 15.Bd3 Nd5
16.Ne4 Qxd2 17.Nxd2 f6 18.Bg3 Bb4 19.Ne4 f5 20.Nc5 Bxc5 21.dxc5 f4 22.Bh4 h6
23.f3 g5 24.Bf2 Nb4 25.Rfd1 Nxd3 26.Rxd3 Bc6 27.axb5 axb5 28.Re1 Kf7 29.Rd2 Ra2
30.Rde2 Bd5 31.Bd4 Rg8 32.h3 h5 33.Be5 g4 34.fxg4 hxg4 35.hxg4 Rxg4 36.Rf2 f3
37.Bxc7 Rxg2+ 38.Rxg2 fxg2 39.Rc1 Ra8 40.Be5 Kg6 41.c4 bxc4 42.bxc4 Bc6 43.Rd1 Rf8
44.Bg3 Kg5 45.Re1 Kg4 46.Be5 Rf7 47.Bd6 Rh7 48.Bh2 Rf7 49.Bd6 Rb7 50.Be5 Rh7
51.Bh2 Rf7 52.Bd6 Ra7 53.Be5 Bf3 54.Bd6 Ra4 55.Rc1 Kh3 56.Be5 Kg4 57.Bd6 Kf5
58.Kf2 Bc6 59.Ke3 e5 60.Kf2 Ra2+ 61.Kg1 e4 62.Re1 e3 63.Bf8 Ra8 64.Bh6 e2
65.Kf2 Rg8 66.Bd2 Rg4 67.Rg1 Rxc4 68.Kxe2 Rxc5 69.Kf2 Kg4 70.Rc1 Rf5+ 71.Kg1 Bd5
72.Be3 Kf3 73.Bb6 Rh5 74.Rc3+ Kg4  0-1

[Event "European Rapid Championship"]
[Site "Warsaw POL"]
[Date "2010.12.18"]
[Round "4"]
[White "Naiditsch,A"]
[Black "Levin,Ev"]
[Result "1-0"]
[WhiteElo "2685"]
[BlackElo "2483"]

1.e4 d5 2.exd5 Qxd5 3.Nc3 Qd8 4.d4 c6 5.h3 Bf5 6.Nf3 e6 7.Bc4 Nd7 8.O-O Be7
9.a4 Ngf6 10.Nh4 Bg6 11.Nxg6 hxg6 12.a5 O-O 13.Ne2 Bb4 14.a6 b5 15.Bb3 Nd5
16.Nf4 Nxf4 17.Bxf4 Nb6 18.c3 Bd6 19.Bd2 Qc7 20.Qf3 Nd5 21.g3 Rfd8 22.Kg2 b4
23.c4 Nf6 24.Bg5 Be7 25.Rfd1 Rac8 26.h4 Qb6 27.Be3 Qc7 28.Bc2 Qb8 29.b3 Qc7
30.g4 c5 31.g5 Nh5 32.Qb7 cxd4 33.Qxc7 Rxc7 34.Bxd4 Rcd7 35.Be3 e5 36.Rxd7 Rxd7
37.Ra5 Bd6 38.Rd5 Rd8 39.c5 Bc7 40.Rxd8+ Bxd8 41.c6 Nf4+ 42.Kf3 Nd5 43.Bxa7 Ne7
44.Be4 f5 45.gxf6 gxf6 46.Bc5  1-0

[Event "European Rapid Championship"]
[Site "Warsaw POL"]
[Date "2010.12.18"]
[Round "5"]
[White "Barski,R"]
[Black "Neiksans,A"]
[Result "0-1"]
[WhiteElo "2278"]
[BlackElo "2503"]

1.e4 d5 2.exd5 Qxd5 3.Nc3 Qd6 4.Nf3 Nf6 5.g3 Bg4 6.Bg2 Nc6 7.O-O Nd4 8.d3 O-O-O
9.Be3 e5 10.Re1 h5 11.Bxd4 exd4 12.Ne4 Nxe4 13.dxe4 Qb6 14.h3 Be6 15.Qd3 Qxb2
16.e5 Qc3 17.Qe4 c6 18.Ng5 Bc5 19.Nxe6 fxe6 20.Bf1 d3 21.Bxd3 Rhf8 22.Reb1 Rxf2
23.Kh1 Qd2  0-1

[Event "European Rapid Championship"]
[Site "Warsaw POL"]
[Date "2010.12.18"]
[Round "8"]
[White "Dobrowolski,P"]
[Black "Tomczak,J"]
[Result "0-1"]
[WhiteElo "2423"]
[BlackElo "2539"]

1.e4 d5 2.exd5 Qxd5 3.Nc3 Qd6 4.d4 Nf6 5.Nf3 a6 6.g3 Bg4 7.Bg2 Nc6 8.O-O O-O-O
9.d5 Ne5 10.Bf4 Bxf3 11.Bxf3 Nxf3+ 12.Qxf3 e5 13.dxe6 Qxe6 14.Bg5 Bd6 15.Rfe1 Be5
16.Bf4 Nd7 17.Rad1 f6 18.Nd5 Rhe8 19.Bc1 c6 20.Nc3 Qc4 21.Re4 Qf7 22.a3 Bxc3
23.Rxe8 Rxe8 24.Qxc3 Qh5 25.Re1 Rxe1+ 26.Qxe1 Ne5 27.Qf1 Nf3+ 28.Kg2 Qd5
29.Kh1 Qe4 30.Qd3 Qxd3 31.cxd3 Ne5 32.b3 Nxd3 33.Be3 Kd7 34.Kg2 Ke6 35.Kf3 Kd5
36.Ke2 Nc5 37.b4 Nd7 38.Kd3 Ne5+ 39.Kc3 Ng4 40.Bb6 Nxh2 41.Kd3 Nf3 42.Bc7 Ne5+  0-1

[Event "17th Open A"]
[Site "Zadar CRO"]
[Date "2010.12.18"]
[Round "9.21"]
[White "Zufic,M"]
[Black "Plenkovic,Z"]
[Result "1/2-1/2"]
[WhiteElo "2442"]
[BlackElo "2388"]

1.e4 d5 2.exd5 Qxd5 3.Nc3 Qd6 4.d4 g6 5.Nge2 Bg7 6.Bf4 Qd8 7.Qd2 Nf6 8.O-O-O a6
9.Bh6 Bxh6 10.Qxh6 b5 11.f3 Bb7 12.Ng3 Nbd7 13.Bd3 c5 14.Be4 Bxe4 15.Ncxe4 Qa5
16.Kb1 c4 17.Nxf6+ Nxf6 18.Rhe1 Nd5 19.Nf5 Rd8 20.Re5 gxf5 21.Qc6+ Kf8 22.Rxd5 Rg8
23.Rxf5 Rg6 24.Qe4 Rxg2 25.Re1 Qc7 26.Rh5 e6 27.Qh4 Rg7 28.c3 Kg8 29.Rg5 Rg6
30.f4 b4 31.f5 exf5 32.cxb4 Qb6 33.a3 Kg7 34.Rxf5 Qxd4 35.Qxd4+ Rxd4 36.Re7 Rf6
37.Rxf6 Kxf6 38.Ra7 Rd6 39.Rc7 Ke6 40.Rxc4 f5 41.Rh4 Ke5 42.Rxh7 f4 43.Kc2 f3
44.Rf7 Ke4 45.Kc3 Ke3 46.Re7+ Kf4 47.Rf7+ Ke3 48.Re7+ Kf4 49.Rf7+ Ke3  1/2-1/2

[Event "European Rapid Championship"]
[Site "Warsaw POL"]
[Date "2010.12.19"]
[Round "11"]
[White "Zapolskis,A"]
[Black "Boricsev,O"]
[Result "1/2-1/2"]
[WhiteElo "2327"]
[BlackElo "2429"]

1.e4 d5 2.exd5 Qxd5 3.Nc3 Qd6 4.Nf3 Nf6 5.d4 c6 6.g3 Bf5 7.Bg2 e6 8.O-O Qc7
9.a4 a5 10.Ne5 Nbd7 11.Nc4 Nb6 12.Bf4 Qd8 13.Ne3 Bg6 14.Be5 Nfd7 15.Qe2 Nxe5
16.dxe5 Qc7 17.Nb5 Qxe5 18.f4 Qc5 19.Nc7+ Kd8 20.Nxa8 Nxa8 21.Kh1 h5 22.Rad1+ Kc7
23.Qd2 Be7 24.f5 Rd8 25.Nd5+ exd5 26.fxg6 f6 27.Qf4+ Bd6 28.Qh4 Rh8 29.c3 Nb6
30.Rde1 Nc4 31.Rxf6 gxf6 32.g7 Rg8 33.Qxf6 Kb6 34.Qf7 Rxg7 35.Qxg7 Qf2 36.Rf1 Qxb2
37.Qh7 Nd2 38.Rd1 Ka6 39.Qh6 Nc4 40.Bf1 Bc5 41.Bxc4+ dxc4 42.Qxh5 Qxc3 43.Qe2 b5
44.Qe4 Qf6 45.axb5+ cxb5 46.Kg2 Kb6 47.Rf1 Qb2+ 48.Kh1 a4 49.Rb1 Qf6 50.Kg2 Qc6
51.Kf3 a3 52.Rd1 b4 53.Rd5 Qf6+ 54.Kg2 Qb2+ 55.Kh3 Qh8+ 56.Kg2 Qb2+ 57.Kh3 Qh8+
58.Kg2 Qf6  1/2-1/2

[Event "European Rapid Championship"]
[Site "Warsaw POL"]
[Date "2010.12.19"]
[Round "12"]
[White "Duda,J"]
[Black "Tomczak,J"]
[Result "1/2-1/2"]
[WhiteElo "2247"]
[BlackElo "2539"]

1.e4 d5 2.exd5 Qxd5 3.Nc3 Qd6 4.d4 Nf6 5.Nf3 g6 6.Bc4 Bg7 7.Ne5 O-O 8.O-O a6
9.Be3 Nc6 10.f4 Nb4 11.Qe2 Nbd5 12.Nxd5 Nxd5 13.c3 b5 14.Bd3 Nxe3 15.Qxe3 Bb7
16.Be2 e6 17.Bf3 Bxf3 18.Rxf3 Rfd8 19.Nd3 a5 20.a3 Rab8 21.b4 axb4 22.axb4 Ra8
23.Rff1 Qd5 24.Nc5 h5 25.Qe4 Qxe4 26.Nxe4 Rxa1 27.Rxa1 Bxd4+ 28.cxd4 Rxd4
29.Nc3 Rxb4 30.Ra8+ Kg7 31.Rc8 Rxf4 32.Nxb5 Rb4 33.Nxc7 Rb1+ 34.Kf2 Rb2+
35.Kf3 Rb3+ 36.Kf2 Rb2+ 37.Kf3 Rb3+  1/2-1/2

[Event "48th ch-IND"]
[Site "New Delhi IND"]
[Date "2010.12.20"]
[Round "11"]
[White "Vaibhav,S"]
[Black "Thejkumar,M"]
[Result "1-0"]
[WhiteElo "2418"]
[BlackElo "2448"]

1.e4 d5 2.exd5 Qxd5 3.Nc3 Qd6 4.d4 Nf6 5.Nf3 a6 6.g3 Nc6 7.Bf4 Qd8 8.Bg2 e6
9.O-O Be7 10.Qe2 Nd5 11.Bd2 Nxc3 12.Bxc3 O-O 13.Rad1 Bd7 14.Rfe1 Rb8 15.Bd2 b5
16.h4 Nb4 17.Bxb4 Bxb4 18.c3 Bd6 19.Ne5 Qe7 20.Qh5 Rbd8 21.b4 Be8 22.Qe2 Bxe5
23.dxe5 f6 24.exf6 Rxf6 25.Rxd8 Qxd8 26.Rd1 Qe7 27.Qe3 h6 28.a3 Bh5 29.Rd2 Bg4
30.Qd4 Bf3 31.Qd8+ Qxd8 32.Rxd8+ Kh7 33.Rc8 e5 34.Rxc7 e4 35.c4 Rd6 36.Bxf3 exf3
37.cxb5 Rd1+ 38.Kh2 axb5 39.Rc3 g5 40.hxg5 hxg5 41.Rxf3 Kg6 42.g4 Rd4 43.Kg3 Rc4
44.Rd3 Rc6 45.f3 Kf6 46.Rd5 Ra6 47.Rxb5 Rxa3 48.Kf2 Rb3 49.Rf5+ Kg6 50.b5  1-0

[Event "Amitan Memorial"]
[Site "Donetsk UKR"]
[Date "2010.12.23"]
[Round "5"]
[White "Hamitevici,V"]
[Black "Kasparov,S"]
[Result "1/2-1/2"]
[WhiteElo "2417"]
[BlackElo "2484"]

1.e4 d5 2.exd5 Qxd5 3.Nc3 Qd6 4.d4 Nf6 5.Nf3 c6 6.Ne5 Nbd7 7.Nc4 Qc7 8.Qf3 Nb6
9.Bf4 Qd8 10.Be5 Be6 11.Ne3 Nbd5 12.Nexd5 Bxd5 13.Nxd5 Qxd5 14.Qxd5 Nxd5
15.Be2 e6 16.O-O Rd8 17.Rad1 Nf6 18.Rd3 Be7 19.b4 O-O 20.Rb1 a6 21.a4 Bd6
22.c4 Bxe5 23.dxe5 Rxd3 24.Bxd3 Nd7 25.f4 a5 26.Rd1 axb4 27.Bxh7+ Kxh7 28.Rxd7 Rb8
29.Kf2 b5 30.axb5 cxb5 31.c5 b3 32.Rd3 Rc8 33.Rxb3 Rxc5 34.Ke3 Kg6 35.g4 f5
36.h3 fxg4 37.hxg4 Kf7 38.Ra3 Rc7 39.Rb3 Rc5 40.Ra3 Rc7 41.Rb3 Rc5  1/2-1/2

[Event "Schaakfestival Open A"]
[Site "Groningen NED"]
[Date "2010.12.26"]
[Round "5"]
[White "Ypma,P"]
[Black "Kantans,T"]
[Result "0-1"]
[WhiteElo "2080"]
[BlackElo "2342"]

1.e4 d5 2.exd5 Qxd5 3.Nc3 Qd6 4.d4 Nf6 5.Nf3 a6 6.g3 Bg4 7.Bg2 Nc6 8.Be3 O-O-O
9.h3 Bh5 10.O-O e5 11.dxe5 Nxe5 12.Qxd6 Bxd6 13.Nxe5 Bxe5 14.Ne4 Nd5 15.Nc5 b6
16.Bxd5 Rxd5 17.Nd3 Be2 18.Nxe5 Bxf1 19.Nxf7 Rf8 20.Kxf1 Rxf7 21.Ke2 h5 22.Rc1 c5
23.f4 Kb7 24.g4 Kc6 25.Rg1 Re7 26.Kf3 hxg4+ 27.hxg4 b5 28.Rh1 b4 29.Rh8 a5
30.f5 a4 31.Ra8 b3 32.Rxa4 bxc2 33.Rc4 Rd3 34.Rxc5+ Kd6 35.Rxc2 Rdxe3+ 36.Kf4 R7e4+
37.Kg5 Rg3 38.Kg6 Rgxg4+ 39.Kf7 Re7+ 40.Kf8 Ra7  0-1

[Event "19th Donau Open"]
[Site "Aschach AUT"]
[Date "2010.12.27"]
[Round "2"]
[White "Matt,F"]
[Black "Piskur,M"]
[Result "1-0"]
[WhiteElo "2125"]
[BlackElo "2292"]

1.e4 d5 2.exd5 Qxd5 3.Nc3 Qd8 4.d4 Nf6 5.Nf3 Bg4 6.Be2 e6 7.O-O Bxf3 8.Bxf3 c6
9.Bf4 Bd6 10.Qd2 O-O 11.Rad1 Qc7 12.Bxd6 Qxd6 13.Ne4 Nxe4 14.Bxe4 Nd7 15.c4 Rad8
16.Qe3 b6 17.Bf3 c5 18.Rfe1 Nf6 19.d5 Rfe8 20.dxe6 Qxe6 21.Bd5 Qxe3 22.Rxe3 Kf8
23.Kf1 Rxe3 24.fxe3 Re8 25.Ke2 Ng4 26.e4 Ne5 27.Kd2 Rd8 28.Kc3 a5 29.h3 f6
30.Rb1 g5 31.a3 Rd6 32.b4 axb4+ 33.axb4 cxb4+ 34.Kxb4 Kg7 35.Ra1 h5 36.Ra8 h4
37.Kb5 Nd3 38.Rg8+ Kh6 39.Rb8 Nf4 40.Rxb6 Rd8 41.Rxf6+ Kg7 42.Rxf4 gxf4 43.c5 Rb8+
44.Kc6 Kf6 45.Kd7 Ke5 46.c6 Rb2 47.c7 Rxg2 48.c8=Q f3 49.Qh8+ Kf4 50.Qxh4+ Ke3
51.Qh6+ Kd4 52.Qf6+ Ke3 53.e5  1-0

[Event "Czech Chess Christmas 2010-11"]
[Site "Litomysl CZE"]
[Date "2010.12.27"]
[Round "2.9"]
[White "Svoboda,K"]
[Black "Heinzel,O"]
[Result "0-1"]
[WhiteElo "2043"]
[BlackElo "2328"]

1.e4 d5 2.exd5 Qxd5 3.Nc3 Qd6 4.d4 Nf6 5.Be2 c6 6.Nf3 g6 7.h3 Bg7 8.O-O O-O
9.Be3 Nbd7 10.Qc1 Nb6 11.Bh6 Be6 12.Bxg7 Kxg7 13.Bd3 Bc4 14.Bxc4 Nxc4 15.b3 Nb6
16.Re1 a5 17.Ne4 Nxe4 18.Rxe4 Nd5 19.c4 Nf6 20.Re1 a4 21.Qe3 e6 22.Rad1 axb3
23.axb3 Qb4 24.Nd2 Rfd8 25.Qe5 Ra5 26.Qg3 Rxd4 27.Nf1 Rxd1 28.Rxd1 Ra2 29.Qe3 Qa5
30.Ng3 Ra1 31.Rxa1 Qxa1+ 32.Kh2 h5 33.Ne2 Qa5 34.Nd4 Qc7+ 35.g3 Qd6 36.Kg2 Nd7
37.g4 hxg4 38.hxg4 Qe5 39.Qd3 Nc5 40.Qc3 Kg8 41.b4 Na4 42.Qd2 Qd6 43.c5 Qd5+
44.f3 e5 45.Qc2 exd4 46.Qxa4 d3 47.Qd1 d2 48.Kf2 Qd4+ 49.Ke2 Qxb4 50.Qxd2 Qxc5
51.g5 Qd5 52.Qb4 Qb5+  0-1

[Event "Czech Chess Christmas 2010-11"]
[Site "Litomysl CZE"]
[Date "2010.12.30"]
[Round "6.3"]
[White "Biolek,R1"]
[Black "Heinzel,O"]
[Result "1-0"]
[WhiteElo "2413"]
[BlackElo "2328"]

1.e4 d5 2.exd5 Qxd5 3.Nc3 Qd6 4.d4 Nf6 5.Nf3 c6 6.h3 Be6 7.Bd3 Nbd7 8.O-O g6
9.Be3 Bg7 10.Qd2 Nb6 11.Bf4 Qd8 12.Bh6 O-O 13.Bxg7 Kxg7 14.Rfe1 Re8 15.Rxe6 fxe6
16.Ng5 Qd7 17.Re1 Rg8 18.Nxe6+ Kh8 19.Qh6 Nbd5 20.Nxd5 cxd5 21.Ng5 Rg7 22.Ne6 Rgg8
23.Re5 Rac8 24.Nf4 Qe8 25.Rg5 Ne4 26.Rxd5 Nd6 27.Rh5  1-0

[Event "Rilton Cup 2010-11"]
[Site "Stockholm SWE"]
[Date "2010.12.30"]
[Round "4"]
[White "Holving,R"]
[Black "Olander,A"]
[Result "1-0"]
[WhiteElo "2211"]
[BlackElo "1990"]

1.e4 d5 2.exd5 Qxd5 3.Nc3 Qd6 4.d4 Nf6 5.Bd3 Nc6 6.Nge2 Bg4 7.f3 Bh5 8.Bf4 Qd7
9.Qd2 O-O-O 10.O-O-O e6 11.Bb5 a6 12.Ba4 Bb4 13.Qd3 Bg6 14.Qc4 Bxc3 15.Nxc3 Nd5
16.Nxd5 Qxd5 17.Qxd5 Rxd5 18.c3 Na5 19.Rhe1 Rhd8 20.Be5 f6 21.Bg3 b5 22.Bc2 Bxc2
23.Kxc2 Re8 24.b3 Nc6 25.Re4 f5 26.Re2 b4 27.Be5 Ra5 28.a4 bxa3 29.Bxg7 Rg8
30.Bh6 e5 31.d5 Rd8 32.Red2 a2 33.Kb2 a1=Q+ 34.Rxa1 Rdxd5 35.Rxd5 Rxd5 36.Rxa6 Kb7
37.Ra1 f4 38.Kc2 Rd6 39.Bf8 Rf6 40.Bc5 Rh6 41.h3 Rg6 42.Rg1 Na5 43.Bf2 Kc6
44.c4 Nb7 45.Kd3 Nc5+ 46.Kc3 Nd7 47.b4 Nf6 48.Kd3 Kd6 49.Bh4 Ke6 50.Bxf6 Kxf6
51.Ke4 Rg8 52.Kd5 Rd8+ 53.Kc6 Rd4 54.Rc1 Rd2 55.Kxc7 Rxg2 56.b5 Rf2  1-0

[Event "Czech Chess Christmas 2010-11"]
[Site "Litomysl CZE"]
[Date "2011.01.01"]
[Round "8.15"]
[White "Kaczmarek,M"]
[Black "Heinzel,O"]
[Result "0-1"]
[WhiteElo "2009"]
[BlackElo "2328"]

1.e4 d5 2.exd5 Qxd5 3.Nc3 Qd6 4.d4 Nf6 5.Nf3 c6 6.Ne5 Nbd7 7.Nc4 Qc7 8.Qf3 Nb6
9.h3 Be6 10.Bf4 Qd8 11.Nxb6 Qxb6 12.O-O-O g6 13.Be5 Bh6+ 14.Kb1 O-O 15.Bd3 Nd7
16.Rhe1 Nxe5 17.dxe5 Rfd8 18.g4 Rd4 19.Re4 Rad8 20.Qg3 Rxe4 21.Nxe4 Qb4 22.b3 a5
23.Kb2 a4 24.c3 Qb6 25.b4 a3+ 26.Kb1 Bc4 27.Bc2 Rxd1+ 28.Bxd1 Qd8 29.Bc2 Qd5
30.f4 Bxa2+ 31.Ka1 Bb3  0-1

[Event "118th ch-NZL 2011"]
[Site "Auckland NZL"]
[Date "2011.01.02"]
[Round "1.7"]
[White "Mc Laren,L"]
[Black "Jackson,L"]
[Result "1-0"]
[WhiteElo "2207"]
[BlackElo "1966"]

1.e4 d5 2.exd5 Qxd5 3.Nc3 Qd6 4.g3 c6 5.Bg2 e5 6.Qe2 Be7 7.Nf3 Nd7 8.O-O f5
9.d3 Bf6 10.Re1 Ne7 11.Nd2 O-O 12.Nc4 Qe6 13.f4 Ng6 14.a4 Qe7 15.Qf2 Qd8
16.a5 exf4 17.Bxf4 Nxf4 18.Qxf4 Nc5 19.Kh1 Ne6 20.Qd2 Bg5 21.Qd1 Nd4 22.Ne2 Nxe2
23.Qxe2 Bf6 24.c3 Bd7 25.d4 Qc7 26.Ne5 Rae8 27.Qc4+ Be6 28.d5 Bxe5 29.dxe6 Re7
30.a6 f4 31.axb7 f3 32.Bxf3 Rxf3 33.Qe4 Qxb7 34.Qxf3 Rxe6 35.Qf5 c5+ 36.Qe4 Qb8
37.Qd5 Kf7 38.Ra6 Qc8 39.Rxa7+ Kf6 40.Rf1+ Kg6 41.Qe4+ Kh6 42.Rf5 Bf6 43.Qf4+  1-0

[Event "XIV New Year Open"]
[Site "Guben GER"]
[Date "2011.01.02"]
[Round "1.6"]
[White "Khachatourian,Y"]
[Black "Foisor,O"]
[Result "0-1"]
[WhiteElo "1996"]
[BlackElo "2397"]

1.e4 d5 2.exd5 Qxd5 3.Nc3 Qd6 4.d4 Nf6 5.Nf3 g6 6.Bc4 Bg7 7.Ne5 O-O 8.Be3 Nc6
9.Nb5 Qd8 10.h3 Nd5 11.Qd2 Be6 12.Nxc6 bxc6 13.Na3 c5 14.c3 Nxe3 15.fxe3 Bxc4
16.Nxc4 Qd5 17.Qe2 cxd4 18.exd4 c5 19.Ne3 Qe4 20.dxc5 Rac8 21.O-O Rxc5 22.Rae1 Qe6
23.Qf2 a5 24.Ng4 Qd6 25.Qe3 f5 26.Nf2 e5 27.b4 Rc7 28.bxa5 e4 29.Qb6 Rc6
30.Qb3+ Kh8 31.Qb4 Rb8 32.Qxd6 Rxd6 33.Rb1 Rxb1 34.Rxb1 Bxc3 35.Rb8+ Kg7
36.Rb7+ Kh6 37.Rb6 Rd2 38.Kf1 e3 39.Ng4+ fxg4 40.a6 e2+ 41.Kf2 g3+  0-1

[Event "Hastings Masters 2010-11"]
[Site "Hastings ENG"]
[Date "2011.01.02"]
[Round "6.44"]
[White "Pickersgill,A"]
[Black "Hoare,Amy "]
[Result "1-0"]
[WhiteElo "2026"]
[BlackElo "1921"]

1.e4 d5 2.exd5 Qxd5 3.Nc3 Qd6 4.d4 Nf6 5.Nf3 a6 6.g3 b5 7.Bg2 Bb7 8.O-O e6
9.Bf4 Qb6 10.Re1 Be7 11.Qe2 Nbd7 12.a4 b4 13.a5 Qa7 14.Nd1 Nd5 15.Bd2 O-O
16.c4 bxc3 17.bxc3 N5f6 18.Rb1 Be4 19.Rb2 c5 20.Bf4 Rac8 21.Be5 Qa8 22.Bf4 h6
23.Nh4 Bxg2 24.Nxg2 Rc6 25.Qd3 Rd8 26.h4 cxd4 27.cxd4 Nc5 28.dxc5 Rxd3 29.Rb8+ Qxb8
30.Bxb8 Rc8 31.Ba7 Rcd8 32.Nde3 Rd2 33.Bb6 R8d3 34.Nf4 Rd4 35.Nf5  1-0

[Event "23rd Staufer-Open"]
[Site "Leinzell GER"]
[Date "2011.01.02"]
[Round "1"]
[White "Metz,Ha"]
[Black "Kirsch,M"]
[Result "1-0"]
[WhiteElo "2293"]
[BlackElo "1868"]

1.e4 d5 2.exd5 Qxd5 3.Nc3 Qd6 4.Bc4 Nf6 5.Nge2 a6 6.d3 b5 7.Bb3 Bb7 8.f3 e6
9.Bf4 Qb6 10.a4 Bd6 11.axb5 axb5 12.Rxa8 Bxa8 13.Bxd6 cxd6 14.d4 O-O 15.O-O e5
16.Kh1 Nc6 17.Qd3 b4 18.Na4 Qa5 19.Rd1 d5 20.dxe5 Nxe5 21.Qd4 Ng6 22.Qb6 Qxb6
23.Nxb6 Bb7 24.Nxd5 Nxd5 25.Bxd5 Bxd5 26.Rxd5 Re8 27.Rd2 Nf4 28.Ng1 h5 29.g3 Ne6
30.Kg2 g6 31.Kf2 Kg7 32.Ne2 Rc8 33.Nc1 Nc5 34.b3 Na6 35.Ke2 Rc6 36.Kd1 Rf6
37.Rd3 Nc5 38.Rd5 Na6 39.f4 Rb6 40.Nd3 f5 41.Ne5 Nb8 42.Rd8 Na6 43.Rc8 Rd6+
44.Ke2 Rb6 45.Kd3 Rd6+ 46.Kc4 Rd2 47.Kb5 Rd6 48.Rc6 Rxc6 49.Kxc6 Kf6 50.Kb6  1-0

[Event "37th ch-IND w"]
[Site "Bhubaneswar IND"]
[Date "2011.01.03"]
[Round "9"]
[White "Soumya,Sw"]
[Black "Swati,M"]
[Result "1-0"]
[WhiteElo "2332"]
[BlackElo "2090"]

1.e4 d5 2.exd5 Qxd5 3.Nc3 Qd6 4.d4 Nf6 5.Nf3 c6 6.g3 Bg4 7.Bg2 e6 8.h3 Bh5
9.a3 Be7 10.Bf4 Qd8 11.Qe2 Nbd7 12.g4 Bg6 13.Bg3 Qa5 14.O-O a6 15.Nd2 O-O
16.Nc4 Qd8 17.Rad1 Nd5 18.Nb1 b5 19.Ne5 Nxe5 20.dxe5 Qb6 21.Kh2 Rad8 22.Rd2 h6
23.h4 Bh7 24.Rfd1 g5 25.h5 f5 26.exf6 Rxf6 27.Nc3 Bd6 28.Bxd6 Rxd6 29.Qe5 Qb8
30.Kg1 Qf8 31.Be4 Nxc3 32.Rxd6 Nxd1 33.Bxh7+ Kxh7 34.Rxd1 Qg7 35.Qe4+ Kh8
36.Qxc6 Kh7 37.Qxa6 Qc7 38.Qxb5 Qf4 39.Rd7+ Kg8 40.Rd8+ Kg7 41.Qd7+ Rf7 42.Qd4+ e5
43.Qxf4 Rxf4 44.Rd7+ Kg8 45.f3 Rxf3 46.Kg2 Rf4 47.Kg3 e4 48.a4 Rf3+ 49.Kg2 Rf4
50.a5 Rxg4+ 51.Kf2 Rf4+ 52.Ke3 Rf6 53.Kxe4 g4 54.Rd3  1-0

[Event "118th ch-NZL 2011"]
[Site "Auckland NZL"]
[Date "2011.01.04"]
[Round "3.13"]
[White "Bennett,H"]
[Black "Gold,H"]
[Result "1-0"]
[WhiteElo "1974"]
[BlackElo "1841"]

1.e4 d5 2.exd5 Qxd5 3.Nc3 Qd6 4.d4 a6 5.Be3 Nf6 6.h3 Bf5 7.Nf3 Nc6 8.Bd3 Bxd3
9.Qxd3 h6 10.a3 e6 11.O-O Be7 12.Rad1 Rd8 13.Rfe1 O-O 14.Bc1 Rfe8 15.Ne4 Qd7
16.c4 Qc8 17.Qc2 Nxe4 18.Qxe4 Bf6 19.Be3 Ne7 20.g4 g5 21.h4 gxh4 22.Bxh6 Ng6
23.g5 Bh8 24.Nxh4 Nxh4 25.Qxh4 c5 26.g6 fxg6 27.Qg4 Kh7 28.Be3 cxd4 29.Bxd4 Bxd4
30.Rxd4 Rxd4 31.Qxd4 Qc6 32.Re3 Kg8 33.Rh3 e5 34.Qh4 Kf7 35.Qh7+ Kf6 36.Rg3 Kf5
37.Qf7+  1-0